Executive outcomes : the war business /

In this documentary Mark Stucke uncovers the bloody truth of the world's most successful army of mercenaries - sent wherever minerals like diamonds promise wealth. And Britain is behind it all.

Bibliographic Details
Other Authors: Stucke, Mark (Director)
Format: Video
Language:English
Language Notes:This edition in English.
Published: Surrey, England : Journeyman Pictures, 2012.
Subjects:
Online Access:Connect to this streaming video (Alexander Street Press)

MARC

Tag First Indicator Second Indicator Subfields
LEADER 00000cgm a22000003a 4500
001 in00003750139
006 m|||||o||c||||||||
007 cr |n||||||||a
007 vz |za|z|
008 140509s2012 enk061 e |o v|eng d
005 20260324205821.3
035 |a (OCoLC)884892420 
035 |a ASP2132417/curv 
040 |a VaAlASP  |c VaAlASP  |d UtOrBLW 
245 0 0 |a Executive outcomes :  |b the war business /  |c by Mark Stucke. 
264 1 |a Surrey, England :  |b Journeyman Pictures,  |c 2012. 
300 |a 1 online resource (61 min.) 
306 |a 010112 
336 |a two-dimensional moving image  |b tdi  |2 rdacontent 
337 |a computer  |b c  |2 rdamedia 
337 |a video  |b v  |2 rdamedia 
338 |a online resource  |b cr  |2 rdacarrier 
338 |a other  |b vz  |2 rdacarrier 
500 |a Title from resource description page (viewed May 9, 2014). 
520 |a In this documentary Mark Stucke uncovers the bloody truth of the world's most successful army of mercenaries - sent wherever minerals like diamonds promise wealth. And Britain is behind it all. 
530 |a Previously released as DVD. 
546 |a This edition in English. 
500 |a Electronic resource. 
610 2 4 |a Executive outcomes. 
650 0 |a Mercenary troops.  |0 http://id.loc.gov/authorities/subjects/sh85083749 
655 7 |a Internet videos.  |2 lcgft  |0 http://id.loc.gov/authorities/genreForms/gf2011026337 
655 7 |a Documentary films.  |2 lcgft  |0 http://id.loc.gov/authorities/genreForms/gf2011026205 
700 1 |a Stucke, Mark,  |e director.  |0 http://id.loc.gov/authorities/names/no2002048365 
710 2 |a Journeyman Pictures,  |e production company. 
710 2 |a Zweites Deutsches Fernsehen,  |e production company.  |0 http://id.loc.gov/authorities/names/n80113710 
856 4 0 |u http://proxy.library.tamu.edu/login?url=https://www.aspresolver.com/aspresolver.asp?CURV;2132417  |z Connect to this streaming video (Alexander Street Press)  |t 0 
999 f f |s e121e099-ce3f-30a5-9494-babf4f0363ba  |i e0379306-e1c0-3a8d-8a54-3ecce5b39dfa  |t 0 
952 f f |a Texas A&M University  |b College Station  |c Electronic Resources  |s www_evans  |d Available Online  |t 0  |h No information provided 
998 f f |t 0  |l Available Online